000 00381nam a22001337a 4500
003 LK-CoDNM
005 20240830102344.0
008 240830b |||||||| |||| 00| 0 eng d
040 _aLK-CoDNM
_dLK-CoDNM
_eLK-CoDNM
245 _aThe Encyclopedia Britannica - IV
260 _aCAMBRIDGE
_bAT THE UNIVERSITY PRESS
_c1910
300 _aXIII, 1024P. : ILL ; 30 CM
942 _cBK
999 _c150154
_d150154